000 00863nam a2200241 a 4500
001 000028556
003 DO-SdBNP
005 20221130083931.0
007 ta
008 110411s2017 dr a r 000 0 spa d
020 _a9789945899078
040 _aDO-SdBNP
_bspa
_cBNPHU
082 _axxx
_bC749m
_222
111 2 _aCongreso Internacional Perspectivas de las Formación de Docentes : Innovación y Calidad
_d22 de sep. de 2016, en el Hotel Barceló santo Domingo
_cSanto Domingo)
_955511
245 1 0 _aMemorias del Congreso Internacional Perspectivas de las Formación de Docentes :
_b Innovación y Calidad /
_cCompilado por José Rafael Croussett Paredes
260 _aSanto Domingo :
_bINFOTEP,
_c2017
300 _a218 p. :
_bil. ;
_c29 cm.
590 _aInventariado, 2022 / DG
650 4 _937101
710 2 _98017
910 _aDG
942 _2ddc
_cLBS1
999 _c53030
_d53030